01492nam a2200289 a 450000100100000000500170001000800410002702000150006804000250008308200180010810000440012624501070017024600550027726000720033230000280040449000490043249000260048159000260050770000350053383000790056891000380064795201310068595201310081695201160094795201220106399900170118500002233220210615115148.0100927s2004 dr a 000 0 spa d a9993430552 aDO-SdBNPbspacBNPHU a330.98bP592d1 aPichardo Muñiz, Arlette,d1957-9458010a12 ensayos de futuro sobre economía y sociedad /cArlette Pichardo Muñiz ; prólogo Olman Segura.13aDoce ensayos de futuro sobre economía y sociedad aSanto Domingo :bBanco Central de la República Dominicana,c2004. a259 p. :bil. ;c23 cm.1 aBanco Central de la Republica Dominicanav641 aCiencias socialesv13 aInventariado, 2018/VM1 aSegura, Olman,epról.946090 0aBanco Central de la Republica Dominicanav64pCiencias sociales; 13946091 aValidado. Control de calidad. MFF 001054708DSaGRbGRcHDd2013-06-21iLF1l0o330.98 P592dp22332-40r2020-06-25te. 3w2020-06-25yLFDSZPréstamo en sala 001054708DSaGRbGRcHDd2018-07-18iLF1l0o330.98 P592dp22332-50r2020-06-25te. 4w2020-06-25yLFDSZPréstamo en sala 0010718PDaPDbPDcHDd2010-09-27iLF1l0o330.98 P592dp22332-10r2020-06-25w2020-06-25yLFPDZNo se presta 0010718PDaPDbPDcHDd2011-01-26iLF1l0o330.98 P592dp22332-20r2020-06-25te. 2w2020-06-25yLFPDZNo se presta c21830d21830